Countries with Five Guys locations - Statistics

General Stats
  • This quiz has been taken 16 times
  • The average score is 15 of 22
Answer Stats
Number of Restaurants Country % Correct
31 France
100%
157 United Kingdom
100%
1466 United States
100%
4 Netherlands
93%
29 Spain
93%
3 Australia
87%
2 Belgium
87%
68 Canada
87%
36 Germany
87%
6 Italy
87%
3 Switzerland
73%
2 Austria
67%
15 China
67%
4 Ireland
67%
1 Luxembourg
60%
2 Malaysia
40%
12 Saudi Arabia
40%
3 Singapore
40%
12 United Arab Emirates
40%
3 Bahrain
33%
6 Kuwait
33%
2 Qatar
33%
No matching quizzes found
Score Distribution
Percent of People with Each Score
Percentile by Number Answered
Your Score History
You have not taken this quiz